| 000 | 00555nam a2200181Ia 4500 | ||
|---|---|---|---|
| 008 | 140925s9999 xx 000 0 und d | ||
| 245 |
_aJournal of accounting and auditing : _bresearch & practice / _h[electronic resource] |
||
| 260 |
_bIBIMA Publishing, _cc2014. |
||
| 516 | _aElectronic text | ||
| 650 | _aAccountancy. | ||
| 650 | _aAuditing. | ||
| 650 | _aJournal. | ||
| 650 | _aResearch and practice. | ||
| 830 | _aIBIMA Publishing | ||
| 856 | _uhttp://www.ibimapublishing.com/journals/JAARP/table.html | ||
| 942 | _cEJ | ||
| 999 |
_c275794 _d275794 |
||